[Event "ONJK 2018 C"]
[Site "Borne, Netherlands"]
[Date "2018.08.07"]
[Round "3.18"]
[White "Joosse, Zofyra"]
[Black "Maes, Zayd"]
[Result "1/2-1/2"]
[WhiteElo "1204"]
[BlackElo "1379"]
[PlyCount "70"]
[EventDate "2018.??.??"]

1. d4 Nf6 2. c4 e6 3. Nc3 d5 4. Nf3 c5 5. e3 Nc6 6. Bd3 dxc4 7. Bxc4 cxd4 8.
exd4 Bb4 9. O-O b6 10. a3 Bxc3 11. bxc3 Bb7 12. Bg5 Nb8 13. Bxf6 Qxf6 14. Bb5+
Nc6 15. Ne5 Rc8 16. Qa4 a6 17. Bxc6+ Bxc6 18. Nxc6 O-O 19. Rac1 b5 20. Qxa6 e5
21. Nb4 Qg5 22. Qxb5 f6 23. Qd3 h5 24. Qg3 Qh6 25. dxe5 h4 26. Qf3 fxe5 27.
Qd5+ Kh8 28. Qxe5 h3 29. Qe3 hxg2 30. Qxh6+ gxh6 31. Kxg2 h5 32. c4 Rc7 33. c5
h4 34. c6 h3+ 35. Kg3 Rg7+ 1/2-1/2

[Event "ONJK 2018 C"]
[Site "Borne, Netherlands"]
[Date "2018.08.07"]
[Round "3.19"]
[White "Hatzmann, Mirthe"]
[Black "Van Dam, Kars"]
[Result "1-0"]
[WhiteElo "1378"]
[BlackElo "1142"]
[PlyCount "51"]
[EventDate "2018.??.??"]

1. e4 e5 2. Nf3 Nc6 3. Bc4 Bc5 4. d3 h6 5. Nc3 d6 6. h3 Nf6 7. Be3 Bxe3 8. fxe3
Qe7 9. a3 Be6 10. Ba2 Bxa2 11. Rxa2 O-O 12. O-O Qe6 13. Ra1 d5 14. exd5 Nxd5
15. Nxd5 Qxd5 16. Nh4 Ne7 17. Nf5 Nxf5 18. Rxf5 Qe6 19. Qf3 b6 20. Qe4 Rae8 21.
Raf1 c5 22. R1f3 a5 23. Rg3 g6 24. Rh5 g5 25. Rgxg5+ Kh8 26. Qxe5+ 1-0

[Event "ONJK 2018 C"]
[Site "Borne, Netherlands"]
[Date "2018.08.07"]
[Round "3.20"]
[White "Van Lindt, Raffael"]
[Black "Tiggelman, Vincent"]
[Result "1/2-1/2"]
[WhiteElo "1182"]
[BlackElo "1376"]
[PlyCount "92"]
[EventDate "2018.??.??"]

1. e4 c6 2. Nf3 d5 3. exd5 cxd5 4. d4 Nf6 5. Bf4 Bg4 6. Be2 e6 7. Nbd2 Nc6 8.
O-O Bd6 9. Bg3 O-O 10. Rc1 Rc8 11. c4 dxc4 12. Nxc4 Bxg3 13. fxg3 Bxf3 14. Bxf3
Qxd4+ 15. Qxd4 Nxd4 16. b3 b6 17. Rcd1 Rfd8 18. Rd3 Rc7 19. Rfd1 Rcd7 20. Ne5
Nxf3+ 21. gxf3 Rxd3 22. Rxd3 Rxd3 23. Nxd3 Nd5 24. Kf2 f6 25. Ke2 Nc3+ 26. Ke3
Kf7 27. a3 e5 28. Nb4 Nb5 29. Nc6 Nxa3 30. Nxa7 Nc2+ 31. Kd3 Nd4 32. Nc8 Nxb3
33. Nxb6 Ke6 34. Ke4 f5+ 35. Kd3 Nc5+ 36. Kc4 Nb7 37. Na4 e4 38. fxe4 Nd6+ 39.
Kd4 fxe4 40. Nc3 g5 41. Nxe4 Nxe4 42. Kxe4 Kf6 43. g4 h6 44. Kf3 Ke5 45. Ke3
Kd5 46. Kd3 Ke5 1/2-1/2

[Event "ONJK 2018 C"]
[Site "Borne, Netherlands"]
[Date "2018.08.08"]
[Round "4.1"]
[White "De Putter, Nina"]
[Black "Slagboom, Leandro"]
[Result "1/2-1/2"]
[WhiteElo "1621"]
[BlackElo "1632"]
[PlyCount "74"]
[EventDate "2018.??.??"]

1. e4 c5 2. Nc3 d6 3. f4 Nf6 4. Nf3 e6 5. Bb5+ Nc6 6. O-O Be7 7. d3 O-O 8. Bxc6
bxc6 9. Qe1 d5 10. Qg3 d4 11. Nd1 Ba6 12. Nf2 Rc8 13. f5 exf5 14. exf5 Kh8 15.
Qh3 Nd5 16. Re1 Nb4 17. Re2 c4 18. a3 cxd3 19. cxd3 Nxd3 20. Nxd3 Bxd3 21. Rd2
Ba6 22. Nxd4 Bc5 23. Qc3 Qe7 24. Rd1 Qe2 25. Be3 Qc4 26. Qxc4 Bxc4 27. Rac1 Be2
28. Rd2 Bxd4 29. Rxe2 Bxe3+ 30. Rxe3 h6 31. Rec3 Rfd8 32. Rxc6 Rxc6 33. Rxc6
Rd1+ 34. Kf2 Rd2+ 35. Kf1 Rxb2 36. Ra6 Rb5 37. Rxa7 Rxf5+ 1/2-1/2

[Event "ONJK 2018 C"]
[Site "Borne, Netherlands"]
[Date "2018.08.08"]
[Round "4.2"]
[White "Van Kuijk, Vadim"]
[Black "Baselmans, Daan"]
[Result "0-1"]
[WhiteElo "1545"]
[BlackElo "1630"]
[PlyCount "76"]
[EventDate "2018.??.??"]

1. d4 Nf6 2. Bf4 g6 3. Nf3 Bg7 4. e3 O-O 5. Be2 d6 6. Nbd2 Nbd7 7. c3 Qe8 8. e4
e5 9. dxe5 dxe5 10. Bg3 a6 11. Ng5 h6 12. Ngf3 b6 13. Bc4 Bb7 14. Qc2 Rd8 15.
O-O Qe7 16. Rad1 Ne8 17. Nh4 Kh7 18. Ndf3 Nd6 19. Bd5 c6 20. Bb3 Nc5 21. Nd2 a5
22. Nc4 Ba6 23. Nxd6 Bxf1 24. Nxf7 Rxd1 25. Qxd1 Nxb3 26. Qxb3 Bb5 27. a4 Be2
28. Qxb6 Qxf7 29. Qxc6 Qf6 30. Qc5 Qd8 31. h3 Qd1+ 32. Kh2 Qxa4 33. Bxe5 Qxe4
34. Bxg7 Kxg7 35. Qxa5 Qf4+ 36. Kh1 g5 37. Qa7+ Rf7 38. g3 Qc1+ 0-1

[Event "ONJK 2018 C"]
[Site "Borne, Netherlands"]
[Date "2018.08.08"]
[Round "4.3"]
[White "Goudriaan, Rafael"]
[Black "Bleeker, Kasper"]
[Result "1/2-1/2"]
[WhiteElo "1656"]
[BlackElo "1897"]
[PlyCount "106"]
[EventDate "2018.??.??"]

1. e4 e5 2. Nf3 Nc6 3. d4 exd4 4. Nxd4 Nf6 5. Nc3 Bb4 6. Nxc6 bxc6 7. Bd2 O-O
8. Bd3 Re8 9. O-O Bxc3 10. Bxc3 Nxe4 11. Bd4 d5 12. Qf3 c5 13. Be3 c4 14. Bxe4
Rxe4 15. h3 Bb7 16. c3 Qe7 17. b4 cxb3 18. axb3 c5 19. Qd1 d4 20. cxd4 cxd4 21.
Bxd4 Rd8 22. Ra4 Qd7 23. Re1 Rxe1+ 24. Qxe1 Qd5 25. f3 Bc6 26. Rb4 a5 27. Rc4
Bb5 28. Qg3 g6 29. Bf6 Re8 30. Re4 Rxe4 31. fxe4 Qxe4 32. Qe5 Qb7 33. Kh2 Qd7
34. Qb8+ Qe8 35. Qxe8+ Bxe8 36. Kg3 Bc6 37. Bc3 a4 38. bxa4 Bxa4 39. Kf4 h6 40.
g3 Bd7 41. h4 Kf8 42. Bf6 Bc6 43. Ke5 Ke8 44. Kd6 Bf3 45. Bg7 h5 46. Bf6 Be2
47. Bg5 Kf8 48. Bf6 Kg8 49. Ke7 Bc4 50. Be5 Kh7 51. Bf6 g5 52. Bxg5 Kg6 53. Bf4
Ba2 1/2-1/2

[Event "ONJK 2018 C"]
[Site "Borne, Netherlands"]
[Date "2018.08.08"]
[Round "4.4"]
[White "Mainka, Alwin"]
[Black "Beukema, Constantijn"]
[Result "1-0"]
[WhiteElo "1631"]
[BlackElo "1758"]
[PlyCount "95"]
[EventDate "2018.??.??"]

1. e4 e5 2. Nf3 Nc6 3. Bb5 Nf6 4. O-O d6 5. Re1 Be7 6. d4 O-O 7. Bxc6 bxc6 8.
dxe5 dxe5 9. Qxd8 Rxd8 10. Nxe5 Bb7 11. Nc3 Bb4 12. Bg5 Re8 13. Bxf6 gxf6 14.
Ng4 Kg7 15. Ne3 Rad8 16. a3 Bc5 17. Nf5+ Kf8 18. Na4 Bb6 19. Nxb6 axb6 20. f3
Rd2 21. Ne3 Red8 22. Rad1 Ke7 23. Nd5+ cxd5 24. Rxd2 dxe4 25. Rxd8 Kxd8 26.
fxe4 Ke7 27. Kf2 Ke6 28. Ke3 Ke5 29. Kd3 h6 30. c4 Bc6 31. b4 Bb7 32. a4 h5 33.
g3 Kd6 34. Rf1 Bc8 35. Rxf6+ Be6 36. Rh6 c5 37. b5 Ke7 38. Rxh5 Bg4 39. Rh6 Be6
40. Rh8 Kd7 41. h4 f5 42. e5 Bf7 43. Rh6 Be6 44. Rf6 Ke7 45. h5 Bg8 46. Rxb6
Kf7 47. a5 Bh7 48. Ke3 1-0

[Event "ONJK 2018 C"]
[Site "Borne, Netherlands"]
[Date "2018.08.08"]
[Round "4.5"]
[White "Rogge, Parcival"]
[Black "Hubers, Daan"]
[Result "1/2-1/2"]
[WhiteElo "1728"]
[BlackElo "1567"]
[PlyCount "66"]
[EventDate "2018.??.??"]

1. e4 c5 2. Nf3 d6 3. c3 Nf6 4. Bd3 Nc6 5. Bc2 Bg4 6. h3 Bh5 7. d3 a6 8. Nbd2
e6 9. Nf1 b5 10. Ng3 Bg6 11. O-O Nh5 12. Nxh5 Bxh5 13. g4 Bg6 14. Bf4 h5 15.
Kg2 Be7 16. Bg3 a5 17. Nd2 Bh4 18. Qf3 a4 19. Bxh4 Qxh4 20. Qg3 Qxg3+ 21. Kxg3
b4 22. Nc4 a3 23. bxa3 bxc3 24. Nxd6+ Ke7 25. Nb5 Nd4 26. Nxd4 cxd4 27. a4 hxg4
28. hxg4 f6 29. Rab1 Rhb8 30. Rb3 Kd7 31. Rfb1 Kc7 32. Rb4 Rxb4 33. Rxb4 e5
1/2-1/2

[Event "ONJK 2018 C"]
[Site "Borne, Netherlands"]
[Date "2018.08.08"]
[Round "4.6"]
[White "De Zoeten, Cato"]
[Black "Albers, Sasa"]
[Result "1/2-1/2"]
[WhiteElo "1472"]
[BlackElo "1713"]
[PlyCount "67"]
[EventDate "2018.??.??"]

1. Nf3 Nf6 2. g3 d5 3. Bg2 c6 4. d4 Bg4 5. O-O e6 6. b3 Nbd7 7. Bb2 Be7 8. c4
O-O 9. Nbd2 Qb6 10. Qc2 Bf5 11. Qc1 h6 12. Ne5 Nxe5 13. dxe5 Nd7 14. e4 dxe4
15. Nxe4 Qc7 16. Qc3 f6 17. exf6 Nxf6 18. Rfe1 Rf7 19. Qe5 Qxe5 20. Bxe5 Nxe4
21. Bxe4 Bc5 22. Bxf5 Rxf5 23. Bf4 Re8 24. Be3 Bxe3 25. Rxe3 Rf7 26. Rae1 Rfe7
27. Kg2 g6 28. h4 h5 29. g4 hxg4 30. Re4 Kf7 31. Rf4+ Kg7 32. Rxg4 Rh8 33. Re3
Rh6 34. Reg3 1/2-1/2

[Event "ONJK 2018 C"]
[Site "Borne, Netherlands"]
[Date "2018.08.08"]
[Round "4.7"]
[White "De Vries, Fabian"]
[Black "Westerhof, Jannes"]
[Result "1-0"]
[WhiteElo "1600"]
[BlackElo "1737"]
[PlyCount "101"]
[EventDate "2018.??.??"]

1. Nf3 Nc6 2. d4 d5 3. c4 e6 4. Nc3 Nf6 5. Bg5 h6 6. Bh4 Be7 7. e3 Bd7 8. Bxf6
Bxf6 9. cxd5 exd5 10. Nxd5 Bg4 11. Qb3 Bxf3 12. gxf3 O-O 13. Nxf6+ Qxf6 14. Bg2
Rfe8 15. O-O Rab8 16. f4 Ne7 17. Rac1 c6 18. Rfd1 Qg6 19. Kh1 Nf5 20. Qd3 Nh4
21. Qxg6 Nxg6 22. d5 cxd5 23. Rxd5 Rbc8 24. Rdd1 b6 25. Bh3 Rcd8 26. Rxd8 Rxd8
27. Rc8 Rxc8 28. Bxc8 Kf8 29. Kg2 Ke7 30. Kf3 Kd6 31. e4 Ke7 32. e5 Kd8 33. Bh3
Ke7 34. Ke4 a5 35. f5 Nf8 36. Kd5 Nd7 37. e6 fxe6+ 38. fxe6 Nb8 39. Kc4 Nc6 40.
Kb5 Nd4+ 41. Kxb6 Nxe6 42. Bxe6 Kxe6 43. Kxa5 Kd7 44. b4 g5 45. b5 h5 46. b6
Kc8 47. Ka6 Kb8 48. a4 g4 49. a5 h4 50. Kb5 Kb7 51. a6+ 1-0

[Event "ONJK 2018 C"]
[Site "Borne, Netherlands"]
[Date "2018.08.08"]
[Round "4.8"]
[White "Decruyenaere, Victor"]
[Black "Labruyere, Roger"]
[Result "0-1"]
[WhiteElo "1356"]
[BlackElo "1733"]
[PlyCount "56"]
[EventDate "2018.??.??"]

1. d4 d5 2. c4 e6 3. Nc3 Nf6 4. Bg5 Be7 5. Nf3 c5 6. e3 Nc6 7. dxc5 Qa5 8. Nd2
dxc4 9. Bxc4 Qxc5 10. Bf4 O-O 11. Qe2 a6 12. O-O b5 13. Bb3 Bb7 14. Rac1 Qb6
15. Nde4 Na5 16. Bc2 Bxe4 17. Nxe4 Rac8 18. Nxf6+ Bxf6 19. b3 Nc6 20. Be4 Ne7
21. Rfd1 e5 22. Bg3 g6 23. Bb1 Rfe8 24. b4 Nc6 25. a3 a5 26. Rd5 Nd4 27. Qb2
Rxc1+ 28. Qxc1 Ne2+ 0-1

[Event "ONJK 2018 C"]
[Site "Borne, Netherlands"]
[Date "2018.08.08"]
[Round "4.9"]
[White "DHaenens, Leon"]
[Black "Den Heijer, Rolinde"]
[Result "0-1"]
[WhiteElo "1565"]
[BlackElo "1391"]
[PlyCount "64"]
[EventDate "2018.??.??"]

1. c4 c5 2. g3 Nc6 3. Bg2 g6 4. Nc3 Nf6 5. Nf3 Bg7 6. O-O O-O 7. d4 cxd4 8.
Nxd4 Ng4 9. e3 Nge5 10. b3 d6 11. Bb2 Bg4 12. f3 Bd7 13. Qd2 e6 14. Ndb5 Qb6
15. Nxd6 Rfd8 16. Nde4 Nb4 17. Nf2 Bc6 18. Qe2 Ned3 19. Nxd3 Nxd3 20. Nd1 Nxb2
21. Nxb2 Bxb2 22. Qxb2 Qxe3+ 23. Kh1 Rd2 24. Qf6 Qe2 25. Rg1 Rad8 26. Rae1 Qf2
27. b4 a6 28. a3 R8d3 29. Ref1 Qe3 30. h4 Rxa3 31. h5 Rd4 32. hxg6 Qh6+ 0-1

[Event "ONJK 2018 C"]
[Site "Borne, Netherlands"]
[Date "2018.08.08"]
[Round "4.10"]
[White "De Heij, Mees"]
[Black "Hatzmann, Mirthe"]
[Result "1/2-1/2"]
[WhiteElo "1516"]
[BlackElo "1378"]
[PlyCount "59"]
[EventDate "2018.??.??"]

1. d4 d5 2. c4 c6 3. Nf3 Nf6 4. Bg5 Nbd7 5. e3 e6 6. Nc3 Be7 7. c5 O-O 8. Bd3
h6 9. Bh4 Nh5 10. Bxe7 Qxe7 11. b4 e5 12. Bf5 exd4 13. Nxd4 Nhf6 14. O-O Ne5
15. Rc1 Bxf5 16. Nxf5 Qd7 17. Nd6 Ne8 18. Nxe8 Rfxe8 19. h3 Qf5 20. Ne2 Qg6 21.
Nf4 Qf5 22. Qc2 Qxc2 23. Rxc2 Nc4 24. b5 Na3 25. Rb2 Nxb5 26. a4 Nc3 27. Rxb7
Nxa4 28. Rc1 Reb8 29. Rc7 Rc8 30. Rb7 1/2-1/2

[Event "ONJK 2018 C"]
[Site "Borne, Netherlands"]
[Date "2018.08.08"]
[Round "4.11"]
[White "Kretschmer, Sven"]
[Black "Verheij, Dana"]
[Result "0-1"]
[WhiteElo "1340"]
[BlackElo "1479"]
[PlyCount "108"]
[EventDate "2018.??.??"]

1. e4 c5 2. Nf3 d6 3. c3 Nf6 4. Be2 Bd7 5. d3 Nc6 6. Bg5 e5 7. d4 cxd4 8. cxd4
exd4 9. Nxd4 Be7 10. Nc3 O-O 11. Ndb5 Be6 12. O-O a6 13. Nd4 d5 14. Nxc6 bxc6
15. e5 Nd7 16. Bf4 Re8 17. Re1 Bf5 18. Bg4 Bg5 19. Bxf5 Bxf4 20. Qg4 Bd2 21.
Bxd7 Bxe1 22. Bxe8 Bxf2+ 23. Kxf2 Qb6+ 24. Kf1 Qxb2 25. Rd1 Rxe8 26. Qd7 Rf8
27. Qxc6 Qc2 28. Rxd5 Qc1+ 29. Rd1 Qf4+ 30. Kg1 Qxe5 31. Nd5 Rd8 32. Qxa6 h6
33. Qa5 Rd6 34. Qc7 Rxd5 35. Qxe5 Rxe5 36. a4 Kf8 37. Kf2 Ke7 38. Re1 Rxe1 39.
Kxe1 Kd6 40. Ke2 Kc5 41. Ke3 Kb4 42. Ke4 Kxa4 43. Ke5 Kb5 44. Kd6 Kc4 45. Ke7
f5 46. Kf7 g5 47. Kg6 f4 48. Kxh6 g4 49. Kg5 f3 50. gxf3 gxf3 51. h4 f2 52. h5
f1=Q 53. h6 Qf8 54. Kg6 Kd5 0-1

[Event "ONJK 2018 C"]
[Site "Borne, Netherlands"]
[Date "2018.08.08"]
[Round "4.13"]
[White "Nielsen, Philip"]
[Black "Wiggers, Finn"]
[Result "1-0"]
[WhiteElo "1432"]
[BlackElo "802"]
[PlyCount "131"]
[EventDate "2018.??.??"]

1. d4 d5 2. c4 Nf6 3. e3 Bf5 4. Nc3 Nc6 5. Qb3 Na5 6. Qb5+ c6 7. Qa4 e6 8. Bd2
b6 9. cxd5 exd5 10. b4 Nc4 11. Bxc4 dxc4 12. Qxc6+ Bd7 13. Qxc4 Bd6 14. e4 Be7
15. Nf3 Rc8 16. Qb3 O-O 17. d5 Re8 18. Ne5 Bxb4 19. Nxd7 Bxc3 20. Bxc3 Rxe4+
21. Kd2 Nxd7 22. Qb2 Qg5+ 23. Kd1 Qxd5+ 24. Kc1 Rxc3+ 25. Qxc3 Rc4 26. Kb2 Rxc3
27. Kxc3 h6 28. Rhd1 Qc5+ 29. Kb3 Nf6 30. f3 Qg5 31. Rg1 Qb5+ 32. Kc2 Nd5 33.
Rge1 Nb4+ 34. Kc3 Qc5+ 35. Kd2 Qc2+ 36. Ke3 Qd3+ 37. Kf4 Nc2 38. Rad1 Qc4+ 39.
Re4 Qc7+ 40. Kg4 Qc8+ 41. Kg3 Qf5 42. a4 Qg5+ 43. Kf2 f5 44. Re2 Qh4+ 45. Kf1
Qc4 46. Kf2 Qxa4 47. Rdd2 Nd4 48. Ra2 Qd7 49. Red2 a5 50. Ke3 Qd5 51. Ra4 f4+
52. Kf2 Qb3 53. Raxd4 a4 54. R2d3 Qa2+ 55. Rd2 Qa1 56. Rxf4 b5 57. Re4 Qc3 58.
Rd8+ Kh7 59. Ra8 a3 60. Re3 Qb2+ 61. Kg3 b4 62. h4 b3 63. h5 a2 64. Ree8 Qe5+
65. Rxe5 b2 66. Ree8 1-0

[Event "ONJK 2018 C"]
[Site "Borne, Netherlands"]
[Date "2018.08.08"]
[Round "4.14"]
[White "Yannopapas, Leontios"]
[Black "Klein, Lucas"]
[Result "0-1"]
[WhiteElo "1276"]
[BlackElo "1515"]
[PlyCount "68"]
[EventDate "2018.??.??"]

1. c4 e5 2. g3 Nf6 3. Bg2 Be7 4. Nc3 Nc6 5. e3 d6 6. Nge2 Bg4 7. O-O h5 8. d4
exd4 9. exd4 O-O 10. f4 h4 11. Be3 Qd7 12. Qd2 Bh3 13. d5 Na5 14. Qd3 Bxg2 15.
Kxg2 Ng4 16. Bd2 b6 17. b4 Nb7 18. Nd4 h3+ 19. Kg1 c5 20. bxc5 Nxc5 21. Qf3 Bf6
22. Nde2 Qf5 23. Rad1 Rae8 24. Nb5 Qe4 25. Qxe4 Rxe4 26. Rde1 Rxc4 27. Nxd6 Rc2
28. Rd1 Rd8 29. Nf5 Rxd5 30. Ne3 Nxe3 31. Bxe3 Rxd1 32. Rxd1 Rxe2 33. Bxc5 bxc5
34. Rc1 Bd4+ 0-1

[Event "ONJK 2018 C"]
[Site "Borne, Netherlands"]
[Date "2018.08.08"]
[Round "4.15"]
[White "De Rycke, Tyani"]
[Black "Van Borren, Matthijs"]
[Result "1-0"]
[WhiteElo "1766"]
[BlackElo "1357"]
[PlyCount "87"]
[EventDate "2018.??.??"]

1. e4 c5 2. Nc3 Nc6 3. g3 g6 4. Bg2 Bg7 5. d3 e6 6. Be3 b6 7. Nge2 Nge7 8. Qd2
d6 9. O-O O-O 10. f4 Bb7 11. g4 f5 12. h3 d5 13. Nd1 Qd7 14. Ng3 Rac8 15. g5
dxe4 16. dxe4 Qxd2 17. Bxd2 Rcd8 18. Be3 Nd4 19. Rf2 Rd7 20. c3 Nb5 21. e5 Bxg2
22. Kxg2 Rfd8 23. Rf1 Nd5 24. Kf3 Nxe3 25. Nxe3 Nc7 26. c4 Rd2 27. Rfd1 b5 28.
b3 Bf8 29. Ne2 R8d3 30. Rxd2 Rxd2 31. Nc3 b4 32. Ne2 h6 33. h4 Ne8 34. a3 a5
35. axb4 cxb4 36. Rxa5 Rb2 37. Nd4 Kf7 38. Ra7+ Kg8 39. Nxe6 Rxb3 40. Nxf8 Kxf8
41. gxh6 Ra3 42. h7 Rxa7 43. h8=Q+ Kf7 44. e6+ 1-0

[Event "ONJK 2018 C"]
[Site "Borne, Netherlands"]
[Date "2018.08.08"]
[Round "4.16"]
[White "Maris, Lauri"]
[Black "Joosse, Zofyra"]
[Result "1/2-1/2"]
[WhiteElo "1510"]
[BlackElo "1204"]
[PlyCount "31"]
[EventDate "2018.??.??"]

1. e4 e5 2. Nf3 Nc6 3. Bc4 Bc5 4. d3 h6 5. Nc3 d6 6. h3 Nf6 7. O-O O-O 8. Be3
Bb6 9. Qe2 Be6 10. Bb3 Qe7 11. Rfe1 Rad8 12. Rad1 Rfe8 13. Qd2 Qd7 14. Re2 Re7
15. Rde1 Rde8 16. Qc1 1/2-1/2

[Event "ONJK 2018 C"]
[Site "Borne, Netherlands"]
[Date "2018.08.08"]
[Round "4.17"]
[White "Smeets, Kobe"]
[Black "Borgelioen, Elise"]
[Result "1/2-1/2"]
[WhiteElo "1437"]
[BlackElo "1308"]
[PlyCount "80"]
[EventDate "2018.??.??"]

1. e4 e5 2. Nf3 Nc6 3. Bc4 h6 4. c3 Nf6 5. d3 Be7 6. O-O O-O 7. Re1 d6 8. Bb3
Re8 9. Nbd2 a6 10. Nf1 Bg4 11. h3 Bh5 12. Ne3 Bf8 13. g4 Bg6 14. Kh2 Nh7 15.
Nf5 Be7 16. Rg1 Na5 17. Bc2 Nc6 18. Qf1 Ng5 19. Nxg5 hxg5 20. Qg2 Bf6 21. Be3
Na5 22. Qf3 Rb8 23. Bd2 Nc6 24. Ne3 Ne7 25. h4 c6 26. h5 Bh7 27. Rad1 d5 28.
Nf5 Qc7 29. Kg2 Qd8 30. Rh1 Nc8 31. Rhe1 Nb6 32. c4 d4 33. Ba5 g6 34. c5 gxf5
35. gxf5 Kh8 36. Bxb6 g4 37. Qxg4 Rg8 38. Bxd8 Rxg4+ 39. Kf3 Rf4+ 40. Ke2 Rxd8
1/2-1/2

[Event "ONJK 2018 C"]
[Site "Borne, Netherlands"]
[Date "2018.08.08"]
[Round "4.18"]
[White "Maes, Zayd"]
[Black "Van Lindt, Raffael"]
[Result "1/2-1/2"]
[WhiteElo "1379"]
[BlackElo "1182"]
[PlyCount "56"]
[EventDate "2018.??.??"]

1. e4 e5 2. Nf3 Nc6 3. Bc4 Bc5 4. c3 Nf6 5. d3 d6 6. Bg5 Bg4 7. Nbd2 O-O 8. Qe2
Rc8 9. O-O-O a6 10. h3 Be6 11. Bxe6 fxe6 12. h4 h6 13. Be3 Bb6 14. Rdg1 h5 15.
Bg5 Ne7 16. Bxf6 Rxf6 17. g4 Ng6 18. Kc2 Qe8 19. Kb1 Nf4 20. Qf1 Rd8 21. gxh5
Qxh5 22. Rg5 Qe8 23. h5 Rh6 24. Rhg1 Nxh5 25. Rh1 Rd7 26. Qh3 g6 27. Qf1 Rdh7
28. Rhg1 Nf4 1/2-1/2

[Event "ONJK 2018 C"]
[Site "Borne, Netherlands"]
[Date "2018.08.08"]
[Round "4.19"]
[White "Tiggelman, Vincent"]
[Black "Bogouslavskii, Veronique"]
[Result "1-0"]
[WhiteElo "1376"]
[BlackElo "1105"]
[PlyCount "113"]
[EventDate "2018.??.??"]

1. e4 e5 2. Nc3 Nf6 3. Bc4 Be7 4. d3 d6 5. f4 Nc6 6. Nf3 O-O 7. f5 Na5 8. Bb3
Nxb3 9. axb3 c6 10. O-O Qc7 11. Qe1 Re8 12. Bg5 h6 13. Bxf6 Bxf6 14. g4 Qd8 15.
Qg3 Be7 16. h4 f6 17. Rf2 d5 18. Rd1 d4 19. Ne2 Kf7 20. Rg2 Rh8 21. g5 hxg5 22.
hxg5 Qg8 23. gxf6 gxf6 24. Qxg8+ Rxg8 25. Rxg8 Kxg8 26. Kf2 Kf7 27. Rh1 Bd7 28.
Rh7+ Ke8 29. Nh4 Rc8 30. Ng6 Bc5 31. Ng3 Kd8 32. Nh5 Kc7 33. Nxf6 Rd8 34. Nxe5
Kc8 35. Nexd7 Bb4 36. Rg7 Bd2 37. Nc5 Bb4 38. Ne6 Bf8 39. Nxf8 Rxf8 40. Rg8
Rxg8 41. Nxg8 Kd8 42. e5 Ke8 43. e6 c5 44. Kf3 b5 45. Nf6+ Ke7 46. Nd5+ Ke8 47.
f6 a5 48. Nc7+ Kd8 49. Nxb5 c4 50. bxc4 a4 51. c5 a3 52. bxa3 Ke8 53. c6 Kd8
54. f7 Ke7 55. c7 Kxe6 56. f8=Q Kd5 57. Qd6# 1-0

[Event "ONJK 2018 C"]
[Site "Borne, Netherlands"]
[Date "2018.08.08"]
[Round "4.20"]
[White "Cappan, Igna"]
[Black "Naessens, Wolf"]
[Result "0-1"]
[WhiteElo "1071"]
[BlackElo "1456"]
[PlyCount "98"]
[EventDate "2018.??.??"]

1. e4 e5 2. Nf3 Nc6 3. Bc4 Bc5 4. Nc3 d6 5. h3 Be6 6. Bb3 Nf6 7. d3 h6 8. Be3
Bb6 9. Qd2 Qd7 10. d4 exd4 11. Nxd4 Nxd4 12. Bxd4 Ba5 13. Bxe6 fxe6 14. Qe2 e5
15. Bxe5 dxe5 16. O-O Bxc3 17. bxc3 O-O-O 18. Rfd1 Qc6 19. f3 Qxc3 20. Qf2
Rxd1+ 21. Rxd1 Qa5 22. Ra1 Qb6 23. Qxb6 axb6 24. Kf2 c5 25. c4 Kc7 26. Ke3 Rd8
27. g4 Kc6 28. f4 exf4+ 29. Kxf4 Rd4 30. Rc1 Rxe4+ 31. Kf3 b5 32. cxb5+ Kxb5
33. Rb1+ Kc6 34. a3 Ra4 35. Ra1 b5 36. Ke3 b4 37. Kd2 Rxa3 38. Rxa3 bxa3 39.
Kc2 Kd5 40. Kb3 Kd4 41. Kxa3 Kc3 42. Ka2 c4 43. Ka3 Kd2 44. Kb4 c3 45. Kc5 c2
46. Kd6 c1=Q 47. Ke5 Qc5+ 48. Kf4 Qe3+ 49. Kf5 Qe4# 0-1

[Event "ONJK 2018 C"]
[Site "Borne, Netherlands"]
[Date "2018.08.08"]
[Round "5.1"]
[White "Baselmans, Daan"]
[Black "Mainka, Alwin"]
[Result "0-1"]
[WhiteElo "1630"]
[BlackElo "1631"]
[PlyCount "94"]
[EventDate "2018.??.??"]

1. e4 c5 2. Nf3 d6 3. d4 cxd4 4. Nxd4 Nf6 5. Nc3 g6 6. Be3 Bg7 7. f3 O-O 8. Qd2
Nc6 9. g4 Be6 10. O-O-O Nxd4 11. Bxd4 a6 12. Kb1 b5 13. h4 b4 14. Na4 Qa5 15.
b3 h5 16. Bb6 Qe5 17. f4 Nxe4 18. fxe5 Nxd2+ 19. Rxd2 hxg4 20. exd6 exd6 21.
Rxd6 Be5 22. Rd1 g3 23. Bc5 Rfd8 24. Bg2 Rac8 25. Bxb4 Bf5 26. Rxd8+ Rxd8 27.
Bc3 Bxc3 28. Nxc3 Rd2 29. Be4 g2 30. Rg1 Bh3 31. Kc1 Rf2 32. Bd3 f5 33. Ne2
Rf1+ 34. Kd2 f4 35. Nxf4 Rxg1 36. Nxh3 Rh1 37. Be4 Rxh3 38. Bxg2 Rh2 39. Kd3
Rxg2 40. a4 Rg4 41. c4 Rxh4 42. b4 Kf7 43. b5 axb5 44. axb5 Ke6 45. Kc3 Kd6 46.
Kb4 g5 47. Ka5 Rxc4 0-1

[Event "ONJK 2018 C"]
[Site "Borne, Netherlands"]
[Date "2018.08.08"]
[Round "5.2"]
[White "Slagboom, Leandro"]
[Black "De Vries, Fabian"]
[Result "1/2-1/2"]
[WhiteElo "1632"]
[BlackElo "1600"]
[PlyCount "43"]
[EventDate "2018.??.??"]

1. Nf3 d5 2. c4 c6 3. g3 Nf6 4. Bg2 Bf5 5. Qb3 Qc7 6. cxd5 cxd5 7. Nc3 e6 8. d3
Be7 9. Bf4 Qb6 10. Nb5 Na6 11. Nc7+ Nxc7 12. Qxb6 axb6 13. Bxc7 Bb4+ 14. Kd1
Bc5 15. d4 Kd7 16. dxc5 Kxc7 17. cxb6+ Kxb6 18. Nh4 Be4 19. f3 Bg6 20. Nxg6
hxg6 21. Kd2 Rac8 22. Rac1 1/2-1/2

[Event "ONJK 2018 C"]
[Site "Borne, Netherlands"]
[Date "2018.08.08"]
[Round "5.3"]
[White "Bleeker, Kasper"]
[Black "De Putter, Nina"]
[Result "1-0"]
[WhiteElo "1897"]
[BlackElo "1621"]
[PlyCount "47"]
[EventDate "2018.??.??"]

1. e4 d5 2. exd5 Nf6 3. Nf3 Nxd5 4. d4 g6 5. Bc4 Nb6 6. Bb3 Bg7 7. O-O O-O 8.
Bf4 Bg4 9. c3 Nc6 10. Nbd2 e5 11. dxe5 Nxe5 12. Re1 Nd3 13. Re4 Bf5 14. Bg5 Qd7
15. Re7 Qd6 16. Nd4 Bxd4 17. cxd4 Qxd4 18. Qf3 Rae8 19. Bxf7+ Rxf7 20. Rxe8+
Kg7 21. Rd8 Qxb2 22. Rb1 Qc2 23. Qe3 Bd7 24. Qd4+ 1-0

[Event "ONJK 2018 C"]
[Site "Borne, Netherlands"]
[Date "2018.08.08"]
[Round "5.4"]
[White "Labruyere, Roger"]
[Black "Van Kuijk, Vadim"]
[Result "1-0"]
[WhiteElo "1733"]
[BlackElo "1545"]
[PlyCount "123"]
[EventDate "2018.??.??"]

1. e4 c5 2. Nc3 e6 3. f4 d5 4. e5 Nc6 5. Nf3 f6 6. Bb5 Bd7 7. O-O d4 8. Ne4
Nxe5 9. Nxe5 Bxb5 10. Qh5+ g6 11. Nxg6 hxg6 12. Qxh8 Kf7 13. Qh7+ Bg7 14. d3
Qd5 15. Qh3 c4 16. Bd2 Ne7 17. g4 Rh8 18. Qf3 Bc6 19. Rae1 Bh6 20. dxc4 Qd7 21.
Qe2 b6 22. Nxf6 Qd6 23. Ne4 Qc7 24. g5 Bg7 25. c5 Bxe4 26. Qxe4 Qxc5 27. Qxe6+
Kf8 28. b4 Qc7 29. Rf2 Qd8 30. Rfe2 Nf5 31. Qxg6 Ne3 32. Bxe3 dxe3 33. Qf5+ Kg8
34. Qe6+ Kf8 35. g6 Qc7 36. Qf5+ Kg8 37. Rxe3 Bf8 38. Qf7+ Qxf7 39. gxf7+ Kxf7
40. c3 Bd6 41. Rd3 Bb8 42. Kg2 Rh4 43. Rf1 Kg6 44. Kg3 Rh5 45. h4 Bc7 46. Kg4
Rh8 47. f5+ Kf6 48. Re3 Rg8+ 49. Kh3 Be5 50. c4 Rc8 51. Re4 Rd8 52. Rxe5 Kxe5
53. f6 Rf8 54. Kg4 Kd4 55. Kg5 Kxc4 56. Rf4+ Kb5 57. f7 Ka4 58. Kg6 Rc8 59. Kg7
Rc7 60. Kg8 Rc8+ 61. f8=Q Rxf8+ 62. Kxf8 1-0

[Event "ONJK 2018 C"]
[Site "Borne, Netherlands"]
[Date "2018.08.08"]
[Round "5.5"]
[White "Den Heijer, Rolinde"]
[Black "Rogge, Parcival"]
[Result "0-1"]
[WhiteElo "1391"]
[BlackElo "1728"]
[PlyCount "76"]
[EventDate "2018.??.??"]

1. e4 c5 2. Nf3 d6 3. d4 cxd4 4. Nxd4 Nf6 5. Nc3 a6 6. Be3 e6 7. Be2 Be7 8. Qd2
Nbd7 9. f3 Qc7 10. a3 b5 11. Nb3 Bb7 12. Rd1 Rd8 13. Bd3 Nc5 14. Qf2 O-O 15.
Nd4 Nxd3+ 16. Rxd3 d5 17. exd5 Nxd5 18. Nxd5 Rxd5 19. O-O Rfd8 20. Rc3 Qd7 21.
Ne2 Bf6 22. Rb3 Qc6 23. Nc3 R5d7 24. Bb6 Qxb6 25. Qxb6 Bd4+ 26. Qxd4 Rxd4 27.
Rc1 Kf8 28. Kf2 Rd2+ 29. Kg3 R8d4 30. Na2 Bd5 31. Rc3 Bxa2 32. b3 Re2 33. Rc8+
Ke7 34. Rc7+ Kf6 35. Ra1 Rdd2 36. Rxa2 Rxg2+ 37. Kf4 Rde2 38. Rc6 g5# 0-1